00501nam a2200193 a 4500001001300000003000900013005001700022008004100039020000900080082001500089100001900104245003400123260004300157300000900200500003500209505002400244650002000268700001900288nice12345678IN_TiNIC20260116011654.0050524s1977 newa grp 000 0 eng  ac5500a297.8bBAH aBahadur, Kalim aJama`at-I-Islami of Pakistan. aNew DelhibChetnana Publicationsc1977 a228p aincludes index and biblioraphy2 aBibliography, index aJamaat-E-Islami1 aBahadur, Kalim